| 000 | 01524nam a2200253Ia 4500 | ||
|---|---|---|---|
| 999 |
_c36834 _d36834 |
||
| 001 | 2780 | ||
| 003 | GE_BSU | ||
| 005 | 20250506130619.0 | ||
| 008 | 181216s2001|||| |||||||||||||| ||GEO|| | ||
| 020 | _a9992801220 | ||
| 040 | _cGE_BSU | ||
| 041 | _ageo | ||
| 080 | _a339(072) მ–90 | ||
| 245 |
_aმსოფლიო ეკონომიკა : _c[გრიგოლ თოდუას და შოთა ვეშაპიძის რედ.]; თსუ-ს საერთაშ. ეკონომიკისა და ეკონომიკურ მოძღვრებათა ისტორიის კათედრა, თსუ-ს სოხუმის ფილიალის საერთაშ. ეკონომიკური ურთიერთ. კათედრა, თბილ. სოციალურ-ეკონომიკური ინ-ტი. _bდამხმ. სახელმძღვ. / |
||
| 264 |
_aთბილისი : _bნობათი, _c2001. |
||
| 300 |
_a880 გვ ; _c 20 სმ. |
||
| 504 | _aბიბლიოგრ.: გვ. 871-873. | ||
| 653 | _aმსოფლიო ეკონომიკა | ||
| 653 | _aმსოფლიოს ეკონომიკური პოტენციალი | ||
| 653 | _aეკონომიკა | ||
| 700 |
_aთოდუა, გრიგოლ _eრედაქტორი _9878 |
||
| 700 |
_a ვეშაპიძე, შოთა _eრედაქტორი _9879 |
||
| 942 |
_cBK _2udc |
||